10 Random Numbers 1-25- Blind Ranking - Statistics

General Stats
  • This quiz has been taken 626 times
  • The average score is 5 of 10
Answers on the Map
Answers color-coded by a green-red scale on the quiz's map according to % correct below.
 
Answer Stats
Number % Correct
4
69%
15
67%
12
63%
6
63%
22
59%
17
57%
19
56%
25
56%
10
54%
3
52%
11
51%
16
51%
18
51%
14
50%
5
50%
21
47%
23
46%
7
45%
1
43%
2
42%
9
42%
24
40%
13
38%
20
38%
8
38%
No matching quizzes found
Score Distribution
Percent of People with Each Score
Percentile by Number Answered
Your Score History
You have not taken this quiz